<?xml version="1.0" encoding="UTF-8"?>
<record
    xmlns:xsi="http://www.w3.org/2001/XMLSchema-instance"
    xsi:schemaLocation="http://www.loc.gov/MARC21/slim http://www.loc.gov/standards/marcxml/schema/MARC21slim.xsd"
    xmlns="http://www.loc.gov/MARC21/slim">

  <leader>00994nam a2200241 a 4500</leader>
  <controlfield tag="001">41963</controlfield>
  <controlfield tag="003">BD-RjUL</controlfield>
  <controlfield tag="005">20211209053457.0</controlfield>
  <controlfield tag="008">160608q           ||||| |||| 00| 0 ben d</controlfield>
  <datafield tag="035" ind1=" " ind2=" ">
    <subfield code="a">(BD-RjUL)42081</subfield>
  </datafield>
  <datafield tag="040" ind1=" " ind2=" ">
    <subfield code="a">BD-RjUL</subfield>
    <subfield code="b">ben </subfield>
    <subfield code="c">BD-RjUL</subfield>
  </datafield>
  <datafield tag="041" ind1=" " ind2=" ">
    <subfield code="a">ben </subfield>
  </datafield>
  <datafield tag="082" ind1=" " ind2=" ">
    <subfield code="2">23 </subfield>
    <subfield code="a">891.44109</subfield>
    <subfield code="b">CHA 1961 </subfield>
  </datafield>
  <datafield tag="100" ind1=" " ind2=" ">
    <subfield code="a">&#x996;&#x9BE;&#x9A4;&#x9C1;&#x9A8; &#x9B8;&#x9BE;&#x9A8;&#x9CD;&#x200C;&#x99C;&#x9BF;&#x9A6;&#x9BE;</subfield>
    <subfield code="9">124135</subfield>
  </datafield>
  <datafield tag="245" ind1="1" ind2="0">
    <subfield code="a">&#x995;&#x9AC;&#x9BF; &#x9B8;&#x9A4;&#x9CD;&#x9AF;&#x9C7;&#x9A8;&#x9CD;&#x9A6;&#x9CD;&#x9B0;&#x9A8;&#x9BE;&#x9A5; &#x9A6;&#x9A4;&#x9CD;&#x9A4; /</subfield>
    <subfield code="c">&#x9B8;&#x9BE;&#x9A8;&#x9CD;&#x200C;&#x99C;&#x9BF;&#x9A6;&#x9BE; &#x996;&#x9BE;&#x9A4;&#x9C1;&#x9A8;</subfield>
  </datafield>
  <datafield tag="300" ind1=" " ind2=" ">
    <subfield code="a">[&#x9E7;&#x9EA;], &#x9E8;&#x9E8;&#x9ED;, (&#x995;-&#x99C;&#x9CD;&#x99E;) &#x9AA;&#x9C3;. ; </subfield>
    <subfield code="c">&#x9E8;&#x9E7; &#x9B8;&#x9C7;&#x9AE;&#x9BF;. </subfield>
  </datafield>
  <datafield tag="500" ind1=" " ind2=" ">
    <subfield code="a">&#x9AA;&#x9B0;&#x9BF;&#x9B6;&#x9BF;&#x9B7;&#x9CD;&#x99F;</subfield>
  </datafield>
  <datafield tag="600" ind1=" " ind2=" ">
    <subfield code="a">Datta, Satyendran&#x101;tha, </subfield>
    <subfield code="d">1882-1922</subfield>
    <subfield code="9">124160</subfield>
  </datafield>
  <datafield tag="600" ind1=" " ind2=" ">
    <subfield code="c">&#x9A6;&#x9A4;&#x9CD;&#x9A4;, &#x9B8;&#x9A4;&#x9CD;&#x9AF;&#x9C7;&#x9A8;&#x9CD;&#x9A6;&#x9CD;&#x9B0;&#x9A8;&#x9BE;&#x9A5;, </subfield>
    <subfield code="d">&#x9E7;&#x9EE;&#x9EE;&#x9E8;-&#x9E7;&#x9EF;&#x9E8;&#x9E8; </subfield>
    <subfield code="9">124170</subfield>
  </datafield>
  <datafield tag="650" ind1=" " ind2=" ">
    <subfield code="a">Bengali poetry</subfield>
    <subfield code="9">124137</subfield>
    <subfield code="v">History and Criticism</subfield>
  </datafield>
  <datafield tag="650" ind1=" " ind2=" ">
    <subfield code="a">&#x9AC;&#x9BE;&#x982;&#x9B2;&#x9BE; &#x995;&#x9AC;&#x9BF;&#x9A4;&#x9BE; </subfield>
    <subfield code="9">124171</subfield>
    <subfield code="v">&#x987;&#x9A4;&#x9BF;&#x9B9;&#x9BE;&#x9B8; &#x993; &#x9B8;&#x9AE;&#x9BE;&#x9B2;&#x9CB;&#x99A;&#x9A8;&#x9BE; </subfield>
  </datafield>
  <datafield tag="942" ind1=" " ind2=" ">
    <subfield code="2">ddc</subfield>
    <subfield code="c">BK</subfield>
    <subfield code="0">3</subfield>
  </datafield>
  <datafield tag="999" ind1=" " ind2=" ">
    <subfield code="c">41963</subfield>
    <subfield code="d">41963</subfield>
  </datafield>
  <datafield tag="952" ind1=" " ind2=" ">
    <subfield code="0">0</subfield>
    <subfield code="1">0</subfield>
    <subfield code="2">ddc</subfield>
    <subfield code="4">0</subfield>
    <subfield code="7">0</subfield>
    <subfield code="8">NFIC</subfield>
    <subfield code="a">RUCL</subfield>
    <subfield code="b">RUCL</subfield>
    <subfield code="c">Stack</subfield>
    <subfield code="d">1961-12-28</subfield>
    <subfield code="e">Faruque lib.</subfield>
    <subfield code="g">80.00</subfield>
    <subfield code="l">8</subfield>
    <subfield code="o">B 891.44109 CHA 1961</subfield>
    <subfield code="r">2024-02-11 00:00:00</subfield>
    <subfield code="s">2024-01-24</subfield>
    <subfield code="t">C-2</subfield>
    <subfield code="w">2016-06-08</subfield>
    <subfield code="y">BK</subfield>
  </datafield>
  <datafield tag="952" ind1=" " ind2=" ">
    <subfield code="0">0</subfield>
    <subfield code="1">0</subfield>
    <subfield code="2">ddc</subfield>
    <subfield code="4">0</subfield>
    <subfield code="7">0</subfield>
    <subfield code="8">NFIC</subfield>
    <subfield code="a">RUCL</subfield>
    <subfield code="b">RUCL</subfield>
    <subfield code="c">Stack</subfield>
    <subfield code="d">1961-12-18</subfield>
    <subfield code="e">Faroog Lib.</subfield>
    <subfield code="g">5.80</subfield>
    <subfield code="l">1</subfield>
    <subfield code="o">B 891.44109 CHA 1961</subfield>
    <subfield code="r">2016-10-15 00:00:00</subfield>
    <subfield code="s">2016-09-24</subfield>
    <subfield code="t">C-3</subfield>
    <subfield code="w">2016-07-19</subfield>
    <subfield code="y">BK</subfield>
  </datafield>
</record>
